000 00747nam a2200229 u 4500
005 20241203063738.0
008 150901s2007 r 000 0 eng d
020 _a9789705802836
035 _aUPN01000205525
049 _aI
050 4 _aQA141.3
_bS6.2
100 1 _aSoon-Je, Shin
_938398
245 1 3 _aEl cumpleaños de Lolo /
_cShin Soon-Je ; il. de Kim Min-Jeong ; tr. de Alquimia.
260 _aMéxico :
_bAltea,
_c2007.
300 _a[40] p. :
440 0 _aTan tan, cuentos de matemáticas
534 _pTítulo original :
_tInvitation to Bobo's Party
650 4 _aMatemáticas
_vLiteratura infantil
_922413
650 4 _aLITERATURA INFANTIL COREANA
_923129
650 4 _aLibros y lectura para niños
_92290
905 _aInfantil
999 _c177626
_d177626